Sonohsterography, 2D and 3D ultrasonography versus diagnostic hysteroscopy in assessment of uterine factor in cases of female infertility / (رقم التسجيلة. 43946)

تفاصيل مارك
000 -LEADER
fixed length control field 02120cam a2200349 a 4500
003 - CONTROL NUMBER IDENTIFIER
control field EG-GiCUC
005 - DATE AND TIME OF LATEST TRANSACTION
control field 20250223030900.0
008 - FIXED-LENGTH DATA ELEMENTS--GENERAL INFORMATION
fixed length control field 131102s2013 ua dh f m 000 0 eng d
040 ## - CATALOGING SOURCE
Original cataloging agency EG-GiCUC
Language of cataloging eng
Transcribing agency EG-GiCUC
041 0# - LANGUAGE CODE
Language code of text/sound track or separate title eng
049 ## - LOCAL HOLDINGS (OCLC)
Holding library Deposite
097 ## - Thesis Degree
Thesis Level Ph.D
099 ## - LOCAL FREE-TEXT CALL NUMBER (OCLC)
Classification number Cai01.11.15.Ph.D.2013.Ay.S
100 0# - MAIN ENTRY--PERSONAL NAME
Personal name Ayman Mohamed Taher
245 10 - TITLE STATEMENT
Title Sonohsterography, 2D and 3D ultrasonography versus diagnostic hysteroscopy in assessment of uterine factor in cases of female infertility /
Statement of responsibility, etc. Ayman Mohamed Taher ; Supervised Shamel Mostafa Hefny , Fouad Abdelkar Abohemila , Wael Sayed Elsherbiny
246 15 - VARYING FORM OF TITLE
Title proper/short title تصوير التجويف الرحمى باستخدام الموجات فوق الصوتية مع حقن محلول ملح والموجات فوق الصوتية ثنائية وثلاثية الأبعاد ومقارنتهم مع المنظار الرحمى التشخيصى فى تقييم الرحم كعامل مسبب للعقم لدى الإناث
260 ## - PUBLICATION, DISTRIBUTION, ETC.
Place of publication, distribution, etc. Cairo :
Name of publisher, distributor, etc. Ayman Mohamed Taher ,
Date of publication, distribution, etc. 2013
300 ## - PHYSICAL DESCRIPTION
Extent 136 Leaves :
Other physical details charts , facsimiles ;
Dimensions 25cm
502 ## - DISSERTATION NOTE
Dissertation note Thesis (Ph.D.) - Cairo University - Faculty of Medicine - Department of Gynecology and Obstetrics
520 ## - SUMMARY, ETC.
Summary, etc. The purpose of this study was to compare the efficacy of three dimensional sonography with tow - dimensional saline infusion sonohsterography (2D SIS) in evaluation of uterine cavity in infertile patients in reference to office hysteroscopy . Conclusion : From our study we could conclude that 2D sonohsterography has an accuracy rate higher than that of 2D sonography which is preceded by that of 3D US . SO, saline infusion may not needed if 3D US machine is available
530 ## - ADDITIONAL PHYSICAL FORM AVAILABLE NOTE
Additional physical form available note Issued also as CD
653 #4 - INDEX TERM--UNCONTROLLED
Uncontrolled term 2D sonography
653 #4 - INDEX TERM--UNCONTROLLED
Uncontrolled term 2D sonohsterography
653 #4 - INDEX TERM--UNCONTROLLED
Uncontrolled term Hysteroscopy .
700 0# - ADDED ENTRY--PERSONAL NAME
Personal name Fouad Abdelkar Abohemila ,
Relator term
700 0# - ADDED ENTRY--PERSONAL NAME
Personal name Shamel Mostafa Hefny ,
Relator term
700 0# - ADDED ENTRY--PERSONAL NAME
Personal name Wael Sayed Elsherbiny ,
Relator term
856 ## - ELECTRONIC LOCATION AND ACCESS
Uniform Resource Identifier <a href="http://172.23.153.220/th.pdf">http://172.23.153.220/th.pdf</a>
905 ## - LOCAL DATA ELEMENT E, LDE (RLIN)
Cataloger Nazla
Reviser Revisor
905 ## - LOCAL DATA ELEMENT E, LDE (RLIN)
Cataloger Soheir
Reviser Cataloger
942 ## - ADDED ENTRY ELEMENTS (KOHA)
Source of classification or shelving scheme Dewey Decimal Classification
Koha item type Thesis
المقتنيات
Source of classification or shelving scheme Not for loan Home library Current library Date acquired Full call number Barcode Date last seen Koha item type Copy number
Dewey Decimal Classification   المكتبة المركزبة الجديدة - جامعة القاهرة قاعة الرسائل الجامعية - الدور الاول 11.02.2024 Cai01.11.15.Ph.D.2013.Ay.S 01010110061345000 22.09.2023 Thesis  
Dewey Decimal Classification   المكتبة المركزبة الجديدة - جامعة القاهرة مخـــزن الرســائل الجـــامعية - البدروم 11.02.2024 Cai01.11.15.Ph.D.2013.Ay.S 01020110061345000 22.09.2023 CD - Rom 61345.CD
Cairo University Libraries Portal Implemented & Customized by: Eng. M. Mohamady Contacts: new-lib@cl.cu.edu.eg | cnul@cl.cu.edu.eg
CUCL logo CNUL logo
© All rights reserved — Cairo University Libraries
CUCL logo
Implemented & Customized by: Eng. M. Mohamady Contact: new-lib@cl.cu.edu.eg © All rights reserved — New Central Library
CNUL logo
Implemented & Customized by: Eng. M. Mohamady Contact: cnul@cl.cu.edu.eg © All rights reserved — Cairo National University Library